Cosa è successo e cosa è cambiato nelle IVG negli ultimi anni (Record n. 235092)

Dettagli MARC
000 -LEADER
fixed length control field 00853nas a2200277Ia 4500
001 - CONTROL NUMBER
control field A06/R061-40626
003 - CONTROL NUMBER IDENTIFIER
control field IT-MiCISF
008 - FIXED-LENGTH DATA ELEMENTS--GENERAL INFORMATION
fixed length control field 161014c99999999xx |||||||||||| ||und||
040 ## - CATALOGING SOURCE
Original cataloging agency IT-MiCISF
Transcribing agency IT-MiCISF
041 ## - LANGUAGE CODE
Language code of text/sound track or separate title ITALIANO
999 ## - SYSTEM CONTROL NUMBERS (KOHA)
Koha Dewey Subclass [OBSOLETE] Si
100 ## - MAIN ENTRY--PERSONAL NAME
Personal name Grandolfo Michele
210 ## - ABBREVIATED TITLE
Abbreviated title Anime e corpi
222 ## - KEY TITLE
Key title Anime e corpi
245 #0 - TITLE STATEMENT
Title Cosa è successo e cosa è cambiato nelle IVG negli ultimi anni
250 ## - EDITION STATEMENT
Edition statement 1a ed.
260 ## - PUBLICATION, DISTRIBUTION, ETC. (IMPRINT)
Date of publication, distribution, etc. 2004
300 ## - PHYSICAL DESCRIPTION
Extent pp. 95-109
362 ## - DATES OF PUBLICATION AND/OR SEQUENTIAL DESIGNATION
Dates of publication and/or sequential designation n. 223, gennaio-marzo [2004]
501 ## - WITH NOTE
-- CISF - Centro Internazionale Studi Famiglia - Via Giotto, 36 20145 MILANO (non commercial uses only)
-- Copyright 2016
500 ## - GENERAL NOTE
General note Tema: aborto, legislazione, statistica
650 ## - SUBJECT ADDED ENTRY--TOPICAL TERM
Topical term or geographic name as entry element ABORTO
Form subdivision articolo
700 ## - ADDED ENTRY--PERSONAL NAME
Personal name Pediconi Marina
700 ## - ADDED ENTRY--PERSONAL NAME
Personal name Spinelli Angela
942 ## - ADDED ENTRY ELEMENTS (KOHA)
Koha item type RIVISTA
957 ## -
-- 1
999 ## - SYSTEM CONTROL NUMBERS (KOHA)
-- 1
Dati di copia
Withdrawn status Lost status Damaged status Not for loan Home library Current library Date acquired Total Checkouts Full call number Date last seen Price effective from Koha item type Public note
    Buone Condizioni Not For Loan CISF - Milano CISF - Milano 14/10/2016   A06/R061-40626 14/10/2016 14/10/2016 RIVISTA Data import 15.10.2016 / by Epidotti, Vaglietti
CREDITS: SOCIETA' SAN PAOLO Via A.Severo, 58 - ROMA (RM) & PERIODICI SAN PAOLO SRL Via Giotto, 36 MILANO & CISF Via Giotto, 36 MILANO & EDIZIONI SAN PAOLO SRL,  Piazza Soncino, 5 CINISELLO BALSAMO (MI) -- ITALY